| 000 | 00648nam a2200217Ia 4500 | ||
|---|---|---|---|
| 003 | OSt | ||
| 005 | 20230503102702.0 | ||
| 008 | 210423s2020 xx 000 0 und d | ||
| 020 | _a978-9-402-41962-7 | ||
| 040 | _cAL | ||
| 041 | _aeng | ||
| 082 |
_a547.028 _223 _bSHAP |
||
| 100 |
_aSHARP (J T); GOSNEY (I); ROWLEY (A G) _996559 |
||
| 245 | _aPractical organic chemistry: student handbook of techniques | ||
| 260 |
_aNew York _bChapman & Hall _c2020 |
||
| 300 |
_avii,199 _bPB |
||
| 365 |
_b995 _cINR |
||
| 650 |
_aOrganic Chemistry _996560 |
||
| 906 | _achemistry: ; handbook ; organic ; Practical ; student ; techniques | ||
| 942 |
_2ddc _cBK |
||
| 999 |
_c170719 _d170719 |
||